Growing Cities in Mexico - Statistics

General Stats
  • This quiz has been taken 11 times
  • The average score is 8 of 15
Answer Stats
Population Population Gained City % Correct
8,843,706 287,484 Mexico City
100%
1,810,645 298,133 Tijuana
91%
1,501,551 180,536 Juarez
82%
921,771 141,348 Merida
82%
888,797 260,491 Cancun
73%
1,579,803 260,442 Leon
55%
863,893 134,513 Aguascalientes
45%
794,789 148,069 Queretaro
45%
808,416 132,575 Culiacan
36%
855,563 140,334 Hermosillo
36%
864,431 154,757 Saltillo
36%
304,942 155,016 Playa del Carmen
27%
234,698 141,042 Garcia
18%
386,290 143,772 Ojo de Agua
18%
308,285 156,327 Benito Juarez
9%
No matching quizzes found
Score Distribution
Percent of People with Each Score
Percentile by Number Answered
Your Score History
You have not taken this quiz